Visualizzazione normale
Vista MARC
- In: Clarentianum 29 ( 1989) 379- 391.
di Personal Name
Records bibliografici associati: 1
001 - CONTROL NUMBER
- control field: 35153
003 - CONTROL NUMBER IDENTIFIER
- control field: IT-RoPau
005 - DATE AND TIME OF LATEST TRANSACTION
- control field: 20150705203428.0
008 - FIXED-LENGTH DATA ELEMENTS
- fixed length control field: 150705|| aca||aabn | a|a d
040 ## - CATALOGING SOURCE
- Original cataloging agency: IT-RoPau
- Transcribing agency: IT-RoPau
100 ## - HEADING--PERSONAL NAME
- Personal name: In: Clarentianum 29 ( 1989) 379- 391.
670 ## - SOURCE DATA FOUND
- Source citation: Work cat.: (IT-RoPau)23801: Giancarlo Rocca 33908, Nota critica. L’”’Opus Dei” visto dall’”Opus Dei”